Estado, derechos, interpretacin̤

Bibliographic Details
Main Author: Barberis, Mauro
Format: eBook
Language:Spanish
Published: Lima: Palestra Editores, 2013
Subjects:
Online Access:Acceso restringido

MARC

LEADER 00000nam a22000007a 4500
005 20190816233751.0
007 cr|||| ||||
008 190816s2013 pe |||||s|||| 00||0 spa d
020 |a 978-612-4047-96-1 
035 |a 24101 
040 |a vLex 
090 |c 9222  |d 9222 
100 1 |a Barberis, Mauro 
245 1 0 |a Estado, derechos, interpretacin̤  |h [Recurso electrn̤ico] /  |c Mauro Barberis 
256 |a Servicio en ln̕ea 
260 |a Lima:  |b Palestra Editores,  |c 2013 
300 |a 1 recurso electrn̤ico 
506 1 |a Disponible solo en los productos indicados  |d vLex Global  |d vLex Global (Academic Edition, excluding Law Schools)  |d vLex Global (U.S. Academic Edition, Law Schools)  |d vLex Global (U.S. Academic Edition, excluding Law Schools)  |d vLex Global (Academic Edition, Law Schools) 
650 0 4 |a Derecho Constitucional  |z Per︢ 
740 0 |a vLex Libros (Servicio en ln̕ea) 
856 4 0 |u http://vlex.com/source/estado-derechos-interpretacion-24101  |z Acceso restringido 
942 |c BOOK 
999 0 |a Constitutional right